000 00465nam a2200145 4500
003 OSt
082 _a631.1
_bAYS/IN
088 _aT 647
100 _aAyisha Mangat
245 _aInvestigations on physico-mechanical properties of coconut palm for the design and development of a coconut palm climber /
260 _aTavanur :
_bDepartment of Farm Machinery & Power Engineering,
_c2025
300 _a149p.
700 _aSureshkumar, P. K. (Guide)
_97576
942 _cTH
999 _c19471
_d19471